Запрещённые советской цензурой произведения - Армагеддон - Statistics

General Stats
  • This quiz has been taken 35 times
  • The average score is 3 of 19
Answers on the Grid
Answers color-coded by a green-red scale on the quiz's grid according to % correct below.
"Мастер и Маргарита" Михаила Булгакова
"Светлое будущее" Александра Зиновьева
"Час Быка" Ивана Ефремова
"Старуха" Даниила Хармса
"Жизнь и судьба" Василия Гроссмана
"Софья Петровна" Лидии Чуковской
"В окопах Сталинграда" Виктора Некрасова
"Самоубийца" Николая Эрдмана
"И дольше века длится день" Чингиза Айтматова
"Горячий снег" Юрия Бондарева
"Город" Валерьяна Пидмогыльного
"Тля" Ивана Шевцова
"Моонзунд" Валентина Пикуля
"Котлован" Андрея Платонова
"Оттепель" Ильи Эренбурга
"Момент истины" Владимира Богомолова
"Я выбрал свободу" Виктора Кравченко
"Доктор Живаго" Бориса Пастернака
"Не стреляйте белых лебедей" Бориса Васильева
"Рождённые бурей" Николая Островского
"Уроки французского" Валентина Распутина
"Педагогическая поэма" Антона Макаренко
"Алые паруса" Александра Грина
"Крутой маршрут" Евгении Гинзбург
"У войны не женское лицо" Светланы Алексиевич
"Град обречённый" Аркадия и Бориса Стругацких
"Реквием" Анны Ахматовой
"Флейта-позвоночник" Владимира Маяковского
"Живые и мёртвые" Константина Симонова
"Зона. Записки надзирателя" Сергея Довлатова
"Бабий Яр" Евгения Евтушенко
"Дракон" Евгения Шварца
"Эмигранты" Алексея Толстого
"Окаянные дни" Ивана Бунина
"Москва - Петушки" Венедикта Ерофеева
"Зависть" Юрия Олеши
"Искатели" Даниила Гранина
"Судьба человека" Михаила Шолохова
"Та сторона, где ветер" Владислава Крапивина
"Царь-рыба" Виктора Астафьева
"Повесть о настоящем человеке" Бориса Полевого
"Два капитана" Вениамина Каверина
"Колымские рассказы" Варлама Шаламова
"Факультет ненужных вещей" Юрия Домбровского
"Вечный зов" Анатолия Иванова
"Военная тайна" Аркадия Гайдара
"Бабий Яр" Анатолия Кузнецова
"Мы" Евгения Замятина
"Разгром" Александра Фадеева
"Звёздный билет" Василия Аксёнова
 
Answer Stats
Answer % Correct
"Мастер и Маргарита" Михаила Булгакова
91%
"Жизнь и судьба" Василия Гроссмана
27%
"Светлое будущее" Александра Зиновьева
23%
"Самоубийца" Николая Эрдмана
23%
"Старуха" Даниила Хармса
18%
"Доктор Живаго" Бориса Пастернака
18%
"Реквием" Анны Ахматовой
14%
"Мы" Евгения Замятина
14%
"Софья Петровна" Лидии Чуковской
9%
"Окаянные дни" Ивана Бунина
9%
"Колымские рассказы" Варлама Шаламова
9%
"Я выбрал свободу" Виктора Кравченко
5%
"Зона. Записки надзирателя" Сергея Довлатова
5%
"Москва - Петушки" Венедикта Ерофеева
5%
"Котлован" Андрея Платонова
0%
"Крутой маршрут" Евгении Гинзбург
0%
"Дракон" Евгения Шварца
0%
"Повесть о настоящем человеке" Бориса Полевого
0%
"Бабий Яр" Анатолия Кузнецова
0%
No matching quizzes found
Score Distribution
Percent of People with Each Score
Percentile by Number Answered
Your Score History
You have not taken this quiz